000 00700nam a2200217 a 4500
001 008091
003 BD-ChCU
008 Ben
020 _a
040 _aDLC
_cDLC
_dBD-ChCU
082 0 0 _a৩২৭/আক২১আ
100 1 _aআকরামুজ্জামান, মোঃ
_b-
245 1 0 _aআনর্্তজাতিক সম্পর্ক ও বিশ্ব রাজনীতি
_b-
250 _a***
260 _aঢাকা
_bআর.আই এস. পাবঃ
_c১৯৯১
300 _a**
504 _a- Biblio-
650 0 _aআনর্্তজাতিক সম্পর্ক
_bবিশ্ব রাজনীতি
700 1 _a-
942 _2ddc
_cBK
999 _c8091
_d8091